banner koha

Stylosanthes (Leguminosae–Papilionoideae–Dalbergiae) no estado de São Paulo, Brasil (Registro n. 329151)

MARC details
000 -LÍDER
fixed length control field 02995nab a2200277 i 4500
003 - CÓDIGO MARC DA AGÊNCIA CATALOGADORA
Campo de controle BR-BrBNA
005 - DATA E HORA DA ÚLTIMA ATUALIZAÇÃO
Campo de controle 20241210153607.0
008 - CAMPO DE TAMANHO FIXO
fixed length control field 241210b2011 bl.qr|pooa||| 00| 0 por |
040 ## - FONTE DA CATALOGAÇÃO
Agência catalogadora BR-BrBNA
Idioma da catalogação por
072 ## - CATEGORIA AGRIS
Código AGRIS F70
100 ## - ENTRADA PRINCIPAL - NOME PESSOAL
Nome pessoal Fortuna-Perez, Ana Paula
100 ## - ENTRADA PRINCIPAL - NOME PESSOAL
Nome pessoal Silva, Marcos José da
100 ## - ENTRADA PRINCIPAL - NOME PESSOAL
Nome pessoal Tozzi, Ana Maria Goulart de Azevedo
245 ## - TÍTULO PRINCIPAL
Título principal Stylosanthes (Leguminosae–Papilionoideae–Dalbergiae) no estado de São Paulo, Brasil
500 ## - NOTA GERAL
Nota geral Publicação on-line; 21 ref.; 5 illus.; Summaries (En, Pt)
942 ## - ADDED ENTRY ELEMENTS (KOHA)
Koha item type Analítica
520 ## - NOTA DE RESUMO
Nota de conteúdo <br/><br/>Resumo<br/><br/>Stylosanthes Sw. possui 48 espécies com distribuição pantropical. O gênero é membro do informal clado<br/>Pterocarpus – Dalbergióide. Este trabalho apresenta um estudo taxonômico do gênero Stylosanthes para o<br/>estado de São Paulo e foi realizado através de consulta de literatura especializada e exsicatas oriundas de<br/>herbários nacionais. Foram reconhecidas nove espécies: S. acuminata M.B. Ferreira & Sousa Costa, S.<br/>bracteata Vogel, S. capitata Vogel, S. humilis Kunth, S. gracilis Kunth, S. grandiflora M.B. Ferreira & Sousa<br/>Costa, S guianensis (Aubl.) Sw., S. scabra Vogel e S. viscosa Sw., diferenciadas principalmente pelo hábito,<br/>forma da inflorescência, número de artículos por lomento, aspecto do rostro nos lomentos e da semente.<br/>Descrições, ilustrações, comentários sobre afinidades entre as espécies, baseadas em morfologia e distribuição<br/>geográfica, e uma chave para o reconhecimento dos táxons são fornecidos.<br/><br/>Palavras-chave: flora, Stylosanthes, taxonomia, diversidade.<br/>
520 ## - NOTA DE RESUMO
Nota de conteúdo <br/><br/>Abstract<br/><br/>Stylosanthes Sw. comprises 48 species with a pantropical distribution. The genus is a member of the informal<br/>Pterocarpus – Dalbergioid clade. This work presents a taxonomic study of the genus Stylosanthes for São Paulo<br/>state, through analysis of specialized literature and material from national herbaria. Nine species were recognized:<br/>S. acuminata M.B. Ferreira & Sousa Costa, S. bracteata Vogel, S. capitata Vogel, S. humilis Kunth, S. gracilis<br/>Kunth, S. grandiflora M.B. Ferreira & Sousa Costa, S guianensis (Aubl.) Sw., S. scabra Vogeland S. viscosa Sw.,<br/>differing mainly in habit, inflorescence form, number of articles per loment, aspect of the rostrum in the loments<br/>and seed aspect. Descriptions, illustrations, comments on affinities between species based on morphology, geographic<br/>distribution and a key for the recognition of the taxa are provided.<br/><br/>Key words: flora, Stylosanthes, taxonomy, diversity.<br/>
650 ## - ASSUNTO - THESAGRO
Cabeçalho tópico ou nome geográfico FLORA
650 ## - ASSUNTO - THESAGRO
Cabeçalho tópico ou nome geográfico TAXONOMIA
650 ## - ASSUNTO - THESAGRO
Cabeçalho tópico ou nome geográfico BIODIVERSIDADE
650 ## - ASSUNTO - THESAGRO
Cabeçalho tópico ou nome geográfico STYLOSANTHES GUIANENSIS
773 0# - ENTRADA ANALÍTICA
Host Biblionumber 709
Registro do item 347204
Imprenta Rio de Janeiro-RJ Jardim Botanico do Rio de Janeiro 1935
Outro identificador 2024-8121
Título Rodriguésia (Brazil)
ISSN 0370-6583; 2175-7860 on-line
Colação v. 62(3) p. 615-628; (2011)
Número de controle de registro BR2024003849
856 ## - ACESSO E ENDEREÇO ELETRÔNICO
Identificador uniforme de recurso - URI https://www.scielo.br/j/rod/a/fMXgPbpfXW83C4mZ7z99Q5B/?format=pdf&lang=pt

Nenhum exemplar disponível.

BINAGRI

Telefone: (61)3218-2567/2388/3357/2097 - binagri@agro.gov.br

Ministério da Agricultura e Pecuária , Esplanada dos Ministérios, Bloco D, Anexo B, Brasília/DF, CEP: 70.043-900